Determinanty vývoja medzinárodnej spolupráce územia biosférickej rezervácie Východné Karpaty diplomová práca

Guardado en:
Detalles Bibliográficos
Autor principal: Holinka, Aleš
Autor Corporativo: Fakulta medzinárodných vzťahov EU. Katedra medzinárodných politických vzťahov
Otros Autores: Karas, Martin, 1991-
Formato: Libro
Lenguaje:eslovaco
Publicado: Bratislava 2025
Etiquetas: Agregar Etiqueta
Sin Etiquetas, Sea el primero en etiquetar este registro!

MARC

LEADER 00000nbm a2200000 4500
001 0309545
005 20260123112640.4
041 0 |a slo 
044 |a SK 
245 1 0 |a Determinanty vývoja medzinárodnej spolupráce územia biosférickej rezervácie Východné Karpaty  |b diplomová práca  |c Aleš Holinka ; školiteľ: Martin Karas 
264 1 |a Bratislava  |c 2025 
300 |a 57 s. 
100 1 |a Holinka, Aleš 
700 1 |a Karas, Martin, 1991- 
710 2 |a Fakulta medzinárodných vzťahov EU. Katedra medzinárodných politických vzťahov